| 000 | 01480nam a2200361 a 4500 | ||
|---|---|---|---|
| 001 | |||
| 003 | DO-SdBNP | ||
| 005 | 20220126120408.0 | ||
| 008 | 101014s2009 dr ac r 001 0dspa d | ||
| 020 | _a9789945020793 | ||
| 040 |
_aDO-SdBNP _bspa _cBPMSU |
||
| 082 |
_a920.72 _bC343he, 2009 _222 |
||
| 100 |
_aCassá, Roberto, _d1948- |
||
| 245 | 1 | 0 |
_aHeroínas nacionales / _cRoberto Cassá. |
| 250 | _a | ||
| 260 |
_aSanto Domingo : _bArchivo General de la Nación : _bComisión Permanente de Efemérides Patrias, _c2009. |
||
| 300 |
_a118 p. : _bil., retrs. ; _c23 cm. |
||
| 490 | 0 |
_aJuvenil _v2 |
|
| 500 | _aIncluye índice onomástico. | ||
| 500 | _aIncluye datos biográficos del autor en la solapa de la cubierta. | ||
| 504 | _aBibliografía : p. 108 | ||
| 505 | 0 |
_gPrefacio -- _tMaría Trinidad Sánchez: la heroína de febrero -- _tSalomé Ureña de Henríquez: mujer total -- _tMinerva Mirabal: la revolucionaria -- _gBibliografía -- _gÍndice onomástico. |
|
| 590 | _aInventariado, 2022/VM | ||
| 600 | 1 | 4 |
_aSánchez, María Trinidad _d1794-1845 |
| 600 | 1 | 4 |
_aUreña de Henríquez, Salomé , _d1850-1897 |
| 600 | 1 | 4 |
_aMirabal, Minerva _d1926-1960 |
| 650 | 4 |
_aMujeres en la política _zRepública Dominicana |
|
| 650 | 4 |
_aMujeres _xHistoria _zRepública Dominicana |
|
| 710 | 2 | _aArchivo General de la Nación (República Dominicana) | |
| 710 | 2 | _aComisión Permanente de Efemérides Patria (República Dominicana) | |
| 910 | _a VMateo V. | ||
| 942 |
_2ddc _cBK |
||
| 999 |
_c13981 _d13981 |
||